00000000nam 2200000zi 4500
0019.932057
003CaOODSP
00520241121114746
006m     o  d f      
007cr |n|||||||||
008231229e199604##quc     ob   f|0| 0 fre d
040 |aCaOODSP|bfre|erda|cCaOODSP
043 |an-cn-qu
0861 |aCW66-1501/1996F-PDF
24500|aÉvaluation de la vulnérabilité des oiseaux nicheurs du Québec au changement climatique : |brecherche bibliographique / |cpar G.R.E.B.E. inc.
264 1|a[Sainte-Foy, Québec] : |bService canadien de la faune, Région du Québec, |cavril 1996.
300 |a1 ressource en ligne (122 pages non numérotées)
336 |atexte|btxt|2rdacontent/fre
337 |ainformatique|bc|2rdamedia/fre
338 |aressource en ligne|bcr|2rdacarrier/fre
500 |aÉdition numérisée de l’imprimé [par Environnement et changement climatique Canada].
500 |a« Présenté au Service canadien de la faune, Région du Québec, Service de l'environnement atmosphérique, Région du Québec, Programme d'innovation environmentale. »
650 6|aOiseaux|xFacteurs climatiques|zQuébec (Province)|vBibliographie.
650 6|aClimat|xChangements|xRecherche|zQuébec (Province)|vBibliographie.
650 0|aBirds|xClimatic factors|zQuébec (Province)|vBibliography.
650 0|aClimatic changes|xResearch|zQuébec (Province)|vBibliography.
655 7|aBibliographies|2rvmgf
655 7|aBibliographies|2lcgft
7102 |aService canadien de la faune. |bRégion du Québec, |eorganisme de publication.
7102 |aG.R.E.B.E. inc., |eauteur.
85640|qPDF|s6.85 Mo|uhttps://publications.gc.ca/collections/collection_2024/eccc/cw66/CW66-1501-1996-fra.pdf